(サドンデス)JR西日本 みどりの窓口設置駅 - Statistics

General Stats
  • This quiz has been taken 93 times
  • The average score is 3 of 19
Answers on the Grid
Answers color-coded by a green-red scale on the quiz's grid according to % correct below.
北新地
弁天町
山科
ユニバーサルシティ
住吉
元町
三国ヶ丘
王寺
石山
横川
八尾
長尾
二条
堺市
加島
下関
新倉敷
我孫子町
今宮
出雲市
天理
近江今津
広野
伊賀上野
浜坂
根雨
南草津
海老江
新尾道
 
Answer Stats
Answer % Correct
下関
36%
山科
30%
二条
27%
北新地
24%
新倉敷
24%
20%
王寺
18%
天理
17%
今宮
15%
根雨
15%
近江今津
14%
伊賀上野
14%
住吉
12%
八尾
8%
加島
8%
我孫子町
8%
浜坂
6%
長尾
5%
広野
5%
No matching quizzes found
Score Distribution
Percent of People with Each Score
Percentile by Number Answered
Your Score History
You have not taken this quiz